Anagrammes des pays d'Océanie - Statistiques

Statistiques générales
  • Ce quiz a été pris 189 fois
  • Le résultat moyen est 13 sur 14
Statistiques - réponses
Hint Réponse % Correct
ouvnllee-éanldez Nouvelle-Zélande
99%
aappuoise-lleenuov-neéugi Papouasie-Nouvelle-Guinée
97%
iifjd Fidji
93%
iscoéenimr Micronésie
93%
straleiua Australie
92%
elîs aallhsmr Îles Marshall
91%
uulvat Tuvalu
91%
aalpso Palaos
89%
aaosm Samoa
89%
iiitabkr Kiribati
87%
gtano Tonga
87%
uuaanvt Vanuatu
87%
oonmlas Salomon
85%
uurna Nauru
81%
Aucun quiz correspondant
Distribution des résultats
% des personnes avec chaque résultat
Percentile par nombre de réponses
Votre historique - résultats
Vous n’avez pas pris ce quiz